书目信息 |
| 题名: |
可持续发展的新进展
|
|
| 作者: | 叶文虎 主编 | |
| 分册: | 第1卷 | |
| 出版信息: | 北京 科学出版社 2007 |
|
| 页数: | 10,186页 | |
| 开本: | 24cm | |
| 丛书名: | ||
| 单 册: | ||
| 中图分类: | X22 | |
| 科图分类: | ||
| 主题词: | 可持续发展--研究 | |
| 电子资源: | ||
| ISBN: | 978-7-03-018354-5 | |
| 000 | 01036nam0 2200265 450 | |
| 001 | 012004114720 | |
| 005 | 20070805150411.32 | |
| 009 | 012004114720 | |
| 010 | @a978-7-03-018354-5@dCNY35.00 | |
| 035 | @a(110017)062007007086 | |
| 100 | @a20070302d2007 em y0chiy0110 ea | |
| 101 | 0 | @achi@eeng |
| 102 | @aCN@b110000 | |
| 105 | @ay z 000yy | |
| 106 | @ar | |
| 200 | 1 | @a可持续发展的新进展@Ake chi xu fa zhan de xin jin zhan@h第1卷@dAdvances in sustainable development@hvolume 1@f叶文虎主编@Fye wen hu zhu bian@zeng |
| 210 | @a北京@c科学出版社@d2007 | |
| 215 | @a10,186页@d24cm | |
| 330 | @a本书为2005年9-12月承担本联合讲座的讲师整理出来的讲课内容,包括“从中国和日本看与环境相协调的可持续的社会发展方式”、“可持续发展的支撑结构”、“经济系统演化的可持续走向”、“中国的环境影响评价制度与可持续发展”等12讲。 | |
| 510 | 1 | @aAdvances in sustainable development@hvolume 1@zeng |
| 606 | 0 | @a可持续发展@x研究 |
| 690 | @aX22@v4 | |
| 701 | 0 | @a叶文虎@Aye wen hu@4主编 |
| 801 | 0 | @aCN@b110017@c20070805 |
| 905 | @dX22@e111:1@f4 | |
| 可持续发展的新进展.第1卷=Advances in sustainable development.volume 1/叶文虎主编.-北京:科学出版社,2007 |
| 10,186页;24cm |
| ISBN 978-7-03-018354-5:CNY35.00 |
| 本书为2005年9-12月承担本联合讲座的讲师整理出来的讲课内容,包括“从中国和日本看与环境相协调的可持续的社会发展方式”、“可持续发展的支撑结构”、“经济系统演化的可持续走向”、“中国的环境影响评价制度与可持续发展”等12讲。 |
| ● |
| 相关链接 |
|
|
|
|
正题名:可持续发展的新进展
索取号:X22/111:1
 
预约/预借
| 序号 | 登录号 | 条形码 | 馆藏地/架位号 | 状态 | 备注 |
| 1 | 0852616 | 208526166 | 第二样本阅览室/ [索取号:X22/111:1] | 在馆 | |
| 2 | 0852617 | 208526175 | 第三借阅区/ [索取号:X22/111:1] | 在馆 | |
| 3 | 0852618 | 208526184 | 第三借阅区/ [索取号:X22/111:1] | 在馆 | |
| 4 | 0852619 | 208526193 | 第三借阅区/ [索取号:X22/111:1] | 在馆 |